Schalke Torwarte seit Manuel Neuer - Statistiken

Allgemein
  • Dieses Quiz wurde 651 mal gespielt
    437 seit der letzten Aktualisierung
  • Das Durchschnittsergebnis liegt bei 27 aus 35
Antwortstatistiken
Saison Torwart Spiele % Korrekt
23/24 Ralf Fährmann 9
98%
22/23 Ralf Fährmann 12
98%
21/22 Ralf Fährmann 6
98%
20/21 Ralf Fährmann 22
98%
18/19 Ralf Fährmann 17
98%
17/18 Ralf Fährmann 34
98%
16/17 Ralf Fährmann 34
98%
15/16 Ralf Fährmann 34
98%
14/15 Ralf Fährmann 25
98%
13/14 Ralf Fährmann 22
98%
11/12 Ralf Fährmann 9
98%
24/25 Loris Karius 4
97%
24/25 Justin Heekeren 29
90%
23/24 Justin Heekeren 2
90%
19/20 Alexander Nübel 26
81%
18/19 Alexander Nübel 18
81%
17/18 Alexander Nübel 1
81%
15/16 Alexander Nübel 1
81%
23/24 Michael Langer 3
80%
21/22 Michael Langer 2
80%
20/21 Michael Langer 3
80%
23/24 Marius Müller 21
75%
22/23 Alexander Schwolow 23
72%
24/25 Ron-Thorben Hoffmann 3
63%
12/13 Lars Unnerstall 13
57%
11/12 Lars Unnerstall 21
57%
13/14 Timo Hildebrand 12
57%
12/13 Timo Hildebrand 21
57%
11/12 Timo Hildebrand 6
57%
21/22 Martin Fraisl 26
56%
20/21 Frederik Rönnow 11
54%
14/15 Timon Wellenreuther 8
51%
19/20 Markus Schubert 9
48%
14/15 Fabian Giefer 2
28%
11/12 Mathias Schober 1
28%
Keine übereinstimmenden Quizze gefunden
Verteilung der Resultate
Anzahl Personen mit jedem Resultat
Perzentil nach korrekt beantworteten Fragen
Ihre Resultats-Entwicklung
Sie haben dieses Quiz seit der letzten Aktualisierung nicht gespielt